Statistics for Emma'quiz

Click here to take the quiz!

General Stats

  • This quiz has been taken 8 times
  • The average score is 5 of 15

Answer Stats

QuestionAnswer% Correct
Quel "super-pouvoir" Emma voudrait avoir ?lire dans les pensées
63%
Combien d'enfant veut Emma ?2
50%
quel jour est née Emma ?22 juin 2004
50%
le deuxième prénom de Emma ?Laure
50%
La position sexuelle préférer de Emma ?Levrette
50%
L'année préférée de Emma pour ses boys ?2005
38%
La taille de soutif de Emma ?75B
38%
La série préférer de Emma ?Gossip Girl
38%
Qu'elle pizza prend Emma ?Reine
38%
Si Emma devrait dinner avec une personne connue , se serait qui ?Zola
38%
combien Emma à d'ex ? ( qu'elle a embrassé )9
25%
Sur qu'elle application Emma écoute sa musique ?Deezer
25%
l'activité préférer de Emma ?voler le pull de son boy
13%
le voyage que Emma rêve de faire ?Bora Bora
0%
Que regarde Emma en premier chez un gars ?Ses dents
0%

Score Distribution

Percentile by Number Answered

Percent of People with Each Score

Your Score History

You have not taken this quiz